000 00467nam a2200181Ia 4500
005 20250508152757.0
008 008 250505s9999 xx 000 0 eng d
037 _aTextual
040 _aFEDL
_beng
_cFEDL
041 _aeng
_2eng
084 _aF, RAJ
_qFEDL
100 _aBalachandra Rajan
_960569
245 0 _aToo long in the West
260 _aLondon, UK
_bHeinemann
_c1961
300 _a234p
942 _cTEXL
_hF, RAJ
999 _c1338692
_d1338692